High priorities : (Registro nro. 5127)

Detalles MARC
000 -CABECERA
Campo de control 00867nam a2200241 a 4500
005 - FECHA Y HORA DE LA ULTIMA TRANSACCION
Campo de control 20191224041757.0
008 - ELEMENTOS DE LONGITUD FIJA—INFORMACION GENERAL
Campo de control 140318b2002 waud fr|||| 00| 0 eng d
040 ## - FUENTE DE CATALOGACIÓN
Agencia catalogadora original CO-BoIAVH
Agencia transcriptora CO-BoIAVH
041 0# - IDIOMA
Código de idioma para texto/pista de sonido o título separado Inglés
044 ## - PAÍS DE PUBLICACIÓN
País de publicación Estados Unidos
082 04 - NUMERO DE CLASIFICACION DECIMAL DEWEY
Número de clasificación 333.9516
Número del ítem H63p
245 00 - MENCION DE TITULO
Título High priorities :
Parte restante del título GEF's contribution to preserving and sustaining mountain ecosystems /
Mención de responsabilidad editado por Sheila Walsh
260 ## - PUBLICACION, DISTRIBUCION, ETC. (PIE DE IMPRENTA)
Lugar de publicación, distribución, etc. Washington :
Nombre del editor, distribuidor, etc. GEF,
Fecha de publicación, distribución, etc. 2002.
300 ## - DESCRIPCION FISICA
Extensión 30 páginas :
Otros detalles físicos tablas y gráficas ;
Dimensiones 28 x 22 centímetros
500 ## - NOTA GENERAL
Nota general Incluye anexos.
650 16 - ASIENTO SECUNDARIO DE MATERIA - TERMINO TEMATICO
Término temático o nombre geográfico como elemento de entrada Montaña
Subdivisión general ecosistema
-- conservación
9 (RLIN) 65497
650 26 - ASIENTO SECUNDARIO DE MATERIA - TERMINO TEMATICO
Término temático o nombre geográfico como elemento de entrada Biodiversidad
Subdivisión general conservación
9 (RLIN) 65498
650 26 - ASIENTO SECUNDARIO DE MATERIA - TERMINO TEMATICO
Término temático o nombre geográfico como elemento de entrada Recursos biológicos
Subdivisión general conservación
9 (RLIN) 65499
650 26 - ASIENTO SECUNDARIO DE MATERIA - TERMINO TEMATICO
Término temático o nombre geográfico como elemento de entrada Conservación del paisaje
9 (RLIN) 65500
700 1# - ASIENTO SECUNDARIO - NOMBRE PERSONAL
Nombre personal Walsh, Sheila
Término de relación editora
9 (RLIN) 22653
710 2# - ASIENTO SECUNDARIO - NOMBRE CORPORATIVO
Nombre corporativo o de jurisdicción como elemento de entrada Global Environment Facility
9 (RLIN) 11973
942 ## - ELEMENTOS ADICIONALES (KOHA)
Tipo de ítem Libro
Sistema de clasificación Dewey Decimal Classification
Existencias
Withdrawn status Lost status Sistema de Clasificación Damaged status No para préstamo Colección Inventariado Ubicación Permanente Ubicación actual Fecha de adquisición Total Checkouts Número topográfico Inventario / Código de Barras Date last seen Ejemplar Price effective from Forma de adquisición Tipo de material
    Dewey Decimal Classification     General Inventariado 2017 Bogotá Bogotá 11/01/2006   LB-333.9516 H63p 022741 04/12/2012 Ej. 1 04/12/2012   Libro